Normal view
MARC view
- Ali Raza Mashhadi ,Muhammad
Entry Personal Name
001 - CONTROL NUMBER
- control field: 122295
003 - CONTROL NUMBER IDENTIFIER
- control field: NUST
005 - DATE AND TIME OF LATEST TRANSACTION
- control field: 20240408142512.0
008 - FIXED-LENGTH DATA ELEMENTS
- fixed length control field: 240408|| aca||aabn | a|a d
040 ## - CATALOGING SOURCE
- Original cataloging agency: NUST
- Transcribing agency: NUST
100 ## - HEADING--PERSONAL NAME
- Personal name: Ali Raza Mashhadi ,Muhammad
670 ## - SOURCE DATA FOUND
- Source citation: Work cat.: (NUST): Ali Raza Mashhadi ,Muhammad , Study the Effects of Water Injection in Engine /
